000 00236nam a2200085Ia 4500
245 0 _aMbhombhela
100 _a MARHANELE, M M. Elim Hospital [South Africa], 2011
_979511
942 _cBK
008 210817s9999 xx 000 0 und d
999 _c277384
_d277383